000
00322nam a2200133Ia 4500
008
250826s9999 xx 000 0 und d
082
_a
891.4391 HAI
100
_a
Haideri, Sheeba Aftab
245
0
_a
Un ke Lye
260
_a
Karachi:
_b
Dawn Printing Press,
_c
1998
300
_a
208p.
600
_a
Literature
942
_c
GB
999
_c
31531
_d
31531